All English Speaking Countries - Statistics

General Stats
  • This quiz has been taken 245 times
  • The average score is 51 of 74
Answers on the Map
Answers color-coded by a green-red scale on the quiz's map according to % correct below.
 
Answer Stats
Answer % Correct
Canada
99%
United States
99%
United Kingdom
96%
Australia
94%
New Zealand
91%
South Africa
91%
Ireland
90%
India
87%
Bahamas
81%
Jamaica
81%
Nigeria
79%
Fiji
77%
Kenya
77%
Namibia
76%
Zambia
76%
Zimbabwe
76%
Ghana
75%
Botswana
74%
Marshall Islands
74%
Palau
74%
St Kitts And Nevis
74%
Micronesia
73%
Pakistan
73%
Philippines
73%
Solomon islands
73%
Barbados
72%
Samoa
72%
St Lucia
72%
Tuvalu
72%
Bangladesh
71%
Kiribati
71%
Papua New Guinea
71%
Singapore
71%
St Vincent And The Grenadines
71%
Tanzania
71%
Tonga
71%
Vanuatu
70%
Malaysia
69%
Maldives
69%
South Sudan
69%
Sri Lanka
69%
Sudan
69%
Trinidad And Tobago
69%
Antigua And Barbuda
68%
Lesotho
68%
Malta
68%
Grenada
67%
Malawi
66%
Nauru
66%
Seychelles
66%
Uganda
66%
Belize
64%
Dominica
64%
Guyana
64%
Mauritius
64%
Swaziland
64%
Rwanda
61%
United Arab Emirates
61%
Liberia
60%
Nepal
59%
Gambia
58%
Israel
58%
Cameroon
55%
Burundi
54%
Ethiopia
54%
Sierra Leone
54%
Kuwait
51%
Myanmar
51%
Bahrain
50%
Cyprus
49%
Qatar
49%
Brunei
46%
Eritrea
46%
Jordan
44%
No matching quizzes found
Score Distribution
Percent of People with Each Score
Percentile by Number Answered
Your Score History
You have not taken this quiz